00354nam a2200157Ia 4500003000900000008004100009040001300050040001300063100002400076245003900100250001400139260001200153300000800165490000600173700001700179IT-RoPAU120407s9999 xx 000 0 und d aIT-RoPAU cIT-RoPAU aGiovanni Ruysbroeck aL'ornamento delle nozze spirituali aLanciano  aCarabba c cm v1 aD. Giuliotti